书目信息 |
| 题名: |
三峡库区可持续发展与科技进步
|
|
| 作者: | 王崇举 , 潘复生 主编 | |
| 分册: | ||
| 出版信息: | 北京 社会科学文献出版社 2002 |
|
| 页数: | 269页 | |
| 开本: | 21cm | |
| 丛书名: | ||
| 单 册: | ||
| 中图分类: | F127.7 | |
| 科图分类: | ||
| 主题词: | 三峡工程--水库管理--可持续发展--文集 , 三峡工程--技术进步--关系--可持续发展--文集 , CT--S902138--三峡工程 , CT--S069985--水库管理 , CT--S901497--可持续发展 , CT--S036695--技术进步 , 经济--中国 | |
| 电子资源: | ||
| ISBN: | 7-80149-754-6 | |
| 000 | 01392nam0 2200337 45 | |
| 001 | 012002068743 | |
| 005 | 20031219104115.7 | |
| 010 | @a7-80149-754-6@dCNY20.00 | |
| 100 | @a20020902d2002 em y0chiy0110 ea | |
| 101 | 0 | @achi |
| 102 | @aCN@b110000 | |
| 105 | @aab z 000yy | |
| 106 | @ar | |
| 200 | 1 | @a三峡库区可持续发展与科技进步@9san xia ku qu ke chi xu fa zhan yu ke jijin bu@f王崇举,潘复生主编 |
| 210 | @a北京@c社会科学文献出版社@d2002 | |
| 215 | @a269页@c图,地图@d21cm | |
| 314 | @a王崇举(1948~),现任重庆商学院院长、经济学教授。著作有:《重庆产业政策研究》等。 | |
| 314 | @a潘复生(1962~),浙江兰溪人,现任重庆市科学技术委员会副主席,重庆大学教授。主编有:《三峡库区可持续发展与科技进步》等。 | |
| 330 | @a本书以三峡库区的自然资源条件和社会经济发展现状为背景,对在二元经济结构突出的欠发达地区,如何通过自身科技能力的快速提升和与区外地区积极的科技合作来为其可持续发展提供必需的科技支撑进行了深入探讨。 | |
| 606 | 0 | @a三峡工程@x水库管理@x可持续发展@j文集 |
| 606 | 0 | @a三峡工程@x技术进步@x关系@x可持续发展@j文集 |
| 606 | 0 | @2CT@3S902138@a三峡工程 |
| 606 | 0 | @2CT@3S069985@a水库管理 |
| 606 | 0 | @2CT@3S901497@a可持续发展 |
| 606 | 0 | @2CT@3S036695@a技术进步 |
| 606 | 0 | @a经济@x中国 |
| 690 | @aF127.7@v4 | |
| 701 | 0 | @a王崇举@9wang chong ju@4主编 |
| 701 | 0 | @a潘复生@9pan fu sheng@4主编 |
| 801 | @aCN@bTSTC@c20030921 | |
| 905 | @b325752-754@dF127.7@e49@f3 | |
| 三峡库区可持续发展与科技进步/王崇举,潘复生主编.-北京:社会科学文献出版社,2002 |
| 269页:图,地图;21cm |
| ISBN 7-80149-754-6:CNY20.00 |
| 本书以三峡库区的自然资源条件和社会经济发展现状为背景,对在二元经济结构突出的欠发达地区,如何通过自身科技能力的快速提升和与区外地区积极的科技合作来为其可持续发展提供必需的科技支撑进行了深入探讨。 |
| ● |
| 相关链接 |
|
|
|
|
正题名:三峡库区可持续发展与科技进步
索取号:F127.7/49
 
预约/预借
| 序号 | 登录号 | 条形码 | 馆藏地/架位号 | 状态 | 备注 |
| 1 | 0325752 | 203257527 | 第一借阅区/ [索取号:F127.7/49] | 在馆 | |
| 2 | 0325753 | 203257536 | 第一借阅区/ [索取号:F127.7/49] | 在馆 | |
| 3 | 0325754 | 203257545 | 第一样本阅览室/ [索取号:F127.7/49] | 在馆 |